| 000 | 00370nam a2200145 i 4500 | ||
|---|---|---|---|
| 001 | bg | ||
| 100 | 1 | _aJAKUBOWSKI, Józef | |
| 245 | 0 |
_aMotoryzacja i ochrona środowiska / _cJózef Jakubowski. |
|
| 260 |
_aWarszawa, _c1976. |
||
| 650 | 9 |
_aŚrodowisko człowieka _xochrona |
|
| 040 | _cBPK | ||
| 041 | _apol | ||
| 942 | _cKS | ||
| 008 | s pl f |000 0 pol | ||
| 999 |
_c16820 _d16820 |
||
| 856 |
_uhttp://koha.tu.koszalin.pl/cgi-bin/koha/opac-detail.pl?biblionumber=16820 _yKatalog online BPK |
||